Herby klubów piłkarskich - QUIZ #1 - Statystyki

Ogólne statystyki
  • Ten quiz został rozwiązany 2 160 razy
  • Średni wynik to 13 z 16
Statystyki odpowiedzi
Obrazkowy Odpowiedź % Poprawnych
Legia Warszawa
100%
Real Madryt
98%
Borussia Dortmund
94%
FC Barcelona
94%
Aston Villa
92%
Napoli
88%
Inter Mediolan
87%
FC Porto
85%
Dynamo Kijów
79%
Schalke
75%
Galatasaray
73%
Leeds United
68%
CSKA Moskwa
62%
Flamengo
57%
Lokomotiv Moskwa
52%
Benfica Lizbona
51%
Nie znaleziono quizów pasujących do podanych kryteriów
Rozkład punktacji
Procent ludzi z każdym wynikiem
Percentyl według liczby udzielonych odpowiedzi
Twoja historia wyników
Nie rozwiązałeś tego quizu